[Event "Baden-ch U18/20"]
[Site "Schoeneck"]
[Date "2009.01.03"]
[Round "3"]
[White "Jakobsche, Thomas"]
[Black "Ullmann, Michael"]
[Result "1-0"]
[WhiteElo "1799"]
[BlackElo "1652"]
[PlyCount "141"]
[EventDate "2009.01.02"]
[EventType "swiss"]
[EventRounds "7"]
[EventCountry "GER"]
[SourceTitle "EXT 2010"]
[Source "ChessBase"]
[SourceDate "2010.11.25"]
[SourceVersion "1"]
[SourceVersionDate "2010.11.25"]
[SourceQuality "1"]

1. c4 d6 2. Nc3 g6 3. g3 Bg7 4. Bg2 Nd7 5. e3 e5 6. Nge2 Ne7 7. 0-0 0-0 8. d3 Rb8 9. b4 f5 10. Bd2 c6 11. Rb1 Nf6 12. a4 d5 13. c5 Be6 14. d4 e4 15. b5 b6 16. cxb6 Rxb6 17. bxc6 Nxc6 18. Na2 Qb8 19. Nf4 Bf7 20. Rxb6 Qxb6 21. Qc2 Rb8 22. Rc1 Qb2 23. Bf1 Qa3 24. Bb5 a6 25. Bxc6 Rb2 26. Qc3 Qxa2 27. Be1 Ng4 28. Bxd5 Bxd5 29. Nxd5 Bf8 30. Nf4 Nxf2 31. Bxf2 Rxf2 32. Qc4+ Qxc4 33. Rxc4 Ra2 34. Rc8 Kf7 35. Rc7+ Kg8 36. Nd5 Bg7 37. Rc8+ Kf7 38. Rc7+ Kg8 39. Nc3 Ra3 40. Kf2 Bf8 41. Nd5 Bg7 42. Nb6 Bh6 43. Nc4 Rxa4 44. d5 Ra2+ 45. Kg1 Rc2 46. d6 Bg5 47. Rc8+ Kg7 48. d7 Rc1+ 49. Kg2 Rd1 50. Rc7 Kh6 51. Ne5 Bxe3 52. d8Q Rxd8 53. Nf7+ Kh5 54. Nxd8 h6 55. Rc6 a5 56. Nb7 Bd2 57. Ra6 e3 58. Kf3 g5 59. h3 g4+ 60. hxg4+ fxg4+ 61. Ke2 Kg5 62. Nxa5 h5 63. Nc4 h4 64. gxh4+ Kxh4 65. Nxd2 exd2 66. Kxd2 g3 67. Ke2 Kh3 68. Kf1 g2+ 69. Kg1 Kg3 70. Ra3+ Kf4 71. Kxg2 1-0

[Event "Baden-ch U18/20"]
[Site "Schoeneck"]
[Date "2009.01.03"]
[Round "2"]
[White "Ullmann, Michael"]
[Black "Van gen Hassend, Max"]
[Result "1-0"]
[WhiteElo "1652"]
[BlackElo "1592"]
[PlyCount "41"]
[EventDate "2009.01.02"]
[EventType "swiss"]
[EventRounds "7"]
[EventCountry "GER"]
[SourceTitle "EXT 2010"]
[Source "ChessBase"]
[SourceDate "2010.11.25"]
[SourceVersion "1"]
[SourceVersionDate "2010.11.25"]
[SourceQuality "1"]

1. e4 e5 2. f4 exf4 3. Nf3 d5 4. exd5 Nf6 5. Nc3 Nxd5 6. Bc4 c6 7. 0-0 Be6 8. Re1 Be7 9. Nxd5 cxd5 10. Bb5+ Nc6 11. d4 Qb6 12. Ba4 0-0 13. c3 Bf6 14. Bb3 Qc7 15. Re2 Ne7 16. Qe1 Ng6 17. Bd2 Rad8 18. Kh1 Bf5 19. Ne5 Be4 20. Nxg6 fxg6 21. Rxe4 1-0